000 00266nam a2200109 a 4500
005 20201002052955.0
008 150827s1997 000 spa d
020 _a8482610449
245 0 _aIguanita.
260 _aSanto Domingo : Santillana,
_c1997.
999 _c46064
_d46064
040 _aDO-SdBNP